000 00731cam a2200241Ia 4500
008
020 _a0596003927 (hbk. )
049 _aMAIN
090 _aQA76.76,O63 ROB
100 _aRobbins, Arnold.
245 0 _aUnix in a nutshell :
_ba desktop quick reference for system V release 4 and Solaris 4 /
_cby Arnold Robbins.
250 _a3rd ed.
260 _aBeijing :
_bO'Reilly,
_c1999..
300 _axvi, 599 p. ;
_c23 cm.
500 _aIncludes index.
650 0 _aUNIX (Computer file).
650 0 _aOperating systems (Computers).
907 _a.b10222236
_b09-07-07
_c08-12-06
003
005 20230123134311.0
040 _cNUST
942 _cBOOKS
_kQA76.76,O63 ROB
999 _c163506
_d163506